000 00280nam a22001217a 4500
008 170615b xxu||||| |||| 00| 0 eng d
041 _aeng
080 _a94(7/8)
100 _a19
101 _aSHP
245 _aTHE GROWTH OF THE AMERICAN REPUBLIC
_cMORISON,S.E
942 _2udc
_cBK
999 _c17577
_d17577